000 02340caa a2200553M 4500
003 PE-LiUPU
005 20250731184513.0
008 090423s2009 xx r 000 0 spa d
020 _a9789972848285
020 _a9972848280
035 _a(Sirsi) i9789972848285
040 _aPUCPR
_bspa
_cPUCPR
_dPE-LiUPU
_erda
082 4 _a918.5
_bG91
_223
100 1 _aGuijarro, Timoteo,
_eautor.
245 1 0 _aCápac Ñan :
_b[el gran camino inca] /
_cTimoteo Guijarro, Borja Cardelús.
264 1 _aLima :
_bSantillana,
_c2009.
300 _a393 páginas :
_bilustraciones
336 _atext
_2rdacontent
337 _aunmediated
_2rdamedia
338 _avolume
_2rdacarrier
504 _aBibliografía : páginas 394-395.
505 _aQuito- Rio Espíndola: El tramo ecuatoriano del Cápac Ñan -- Río Espíndola-Cajamarca: El camino por descubrir -- Cajamrca-Andamrca:De la campiña a la puna -- Andamarca- Pomachaca: La ruta de los Conchucos -- Pomachaca- Tarmatambo: Una alta meseta y un valle de flores -- Tarmatambo-Ayacucho: Entre "El país de Jauja" y los andes profundos -- Ayacucho- Cusco: Los andes profundos -- Cusco- La Paz: La ruta del Collasuyo.
526 _aP136
526 _aP135
526 _aP134
526 _aP133
526 _aP144
526 _aP143
526 _aP87
526 _aP35
526 _aP20
526 _aP14
526 _aP10
526 _aP06
541 _g003-0047644;
650 4 _aCaminos
_zPerú
_xHistoria
_yÉpoca incaica.
650 4 _aIncas
_xRestos arqueológicos.
650 4 _aTransporte
_zPerú
_xHistoria
_yÉpoca incaica.
651 4 _aBolivia
_xDescripciones y viajes.
651 4 _aEcuador
_xDescripciones y viajes.
_94402
651 4 _aPerú
_xDescripciones y viajes.
700 1 _aCardelús, Borja,
_d1946- ,
_eautor
910 _ajck
_bebj
_cebj
_d20161212
942 _2ddc
_cBOOK
949 _a918.5 G91
_wDEWEY
_c1
_i75385
_lCCODEBUL1
_mBUL
_p20.87
_r0
_sY
_tBOOK
_u2016-12-12
_xINGENIERIA
_PP06
_0COMPRA
_o.STAFF. Colección General
994 _aC0
_bPEPRU
596 _a1
999 _a918.5 G91
_wDEWEY
_c14410
_i75385
_d14410
_e2018-3-19
_f2021-11-8
_g7
_lCCODEBUL1
_mBUL
_n5
_p20.87
_q1
_r0
_sY
_tBOOK
_u2016-12-12
_xBIBLIOTECA
_PP06
_0COMPRA
_o.STAFF. Colección General
980 _81
_gALBERTO SANCHEZ Responsable de Automatización